Music Quiz

Random Music or Song Quiz

3-Word Regina Spektor Quiz Stats

 Plays Quiz not verified by Sporcle

Challenge
Share
Tweet
Score 0/10 Timer 01:30
0 Plays Today
% Correct
On
93.8%
Ode
93.8%
Don't
93%
Genius
92.2%
All
91.4%
2.99
86.7%
Call
85.2%
Consequence
85.2%
Small
84.4%
Scarecrow
73.4%

You're not logged in!

Compare scores with friends on all Sporcle quizzes.
Join for Free
OR
Log In

You Might Also Like...

Show Comments

Extras

Top Quizzes Today


Score Distribution

Your Account Isn't Verified!

In order to create a playlist on Sporcle, you need to verify the email address you used during registration. Go to your Sporcle Settings to finish the process.

Report this User

Report this user for behavior that violates our Community Guidelines.

Details: